| 000 | 01254nam a22003857a 4500 | ||
|---|---|---|---|
| 001 | 0030050 | ||
| 003 | KOHA_MİRAKIL | ||
| 005 | 20260207002717.0 | ||
| 007 | ta | ||
| 008 | 110511b1988 tu |||gr||||#||||0|tur | | ||
| 020 |
_a9757628042 _c0,01 |
||
| 040 |
_aTR-BiSEU _btur _cTR-BiSEU _erda |
||
| 041 | 0 | _atur | |
| 044 | _ctu | ||
| 050 |
_aKKX3526.A9 _bS69 1988 |
||
| 100 | 1 | _aSözer, Bülent. | |
| 245 | 1 |
_aFinansal kiralama kanunu'nun 8. maddesi ile öngörülen sisteme ilişkin bazı görüşler ve değerlendirmeler/ _cBülent Sözer ; Bülent Sözer. |
|
| 264 | 1 |
_aAnkara : _bTürkiye Bankalar Birliği _c1988 |
|
| 300 |
_a19 s. ; _c24 cm. |
||
| 336 |
_ametin _btxt _2rdacontent |
||
| 337 |
_aaracısız _bn _2rdamedia |
||
| 338 |
_acilt _bnc _2rdacarrier |
||
| 490 | 1 |
_aTürkiye Bankalar Birliği yayınları ; _vno. |
|
| 490 | 1 | _a148. | |
| 490 | 1 |
_aKonferanslar serisi ; _vno. |
|
| 490 | 1 | _a46 | |
| 500 | _aKaynakça var. | ||
| 650 | 0 |
_aFinance--Law and legislation--Turkey. _959253 |
|
| 650 | 0 |
_aFinans--Hukuk ve yasama--Türkiye. _959254 |
|
| 830 | 1 |
_aTürkiye Bankalar Birliği yayınları ; _vno. _917680 |
|
| 830 | 1 |
_a148. _918124 |
|
| 830 | 1 |
_aKonferanslar serisi ; _vno. _919824 |
|
| 830 | 1 |
_a46 _95548 |
|
| 942 |
_2lcc _cBK |
||
| 999 |
_c29970 _d29970 |
||